Capitais Aleatórias em um Mapa do Mundo - Statistics

Estatísticas Gerais
  • Esse quiz foi jogado 9 646 vezes
  • A pontuação média é 11 de 20
Respostas no mapa
Respostas codificadas por cores de uma escala verde-vermelha no mapa do quiz de acordo com a % correta abaixo.
 
Estatísticas das Respostas
Capital % Correto
Brasília
99%
Madrid
98%
Buenos Aires
96%
Mexico City
96%
Washington D.C.
95%
Lima
94%
Lisboa
94%
Londres
93%
Ottawa
92%
Santiago
92%
Assunção
90%
La Paz ou Sucre
90%
Moscovo
90%
Roma / Vaticano
90%
Caracas
89%
Dublin
89%
Paris
89%
Tóquio
87%
Bogotá
86%
Pequim
86%
Quito
86%
Havana
85%
Kiev
84%
Mônaco
84%
Berlim
83%
Cairo
83%
Montevidéu
83%
Oslo
82%
Seul
82%
Bruxelas
81%
Camberra
81%
Cidade do Panamá
81%
Atenas
80%
Amesterdão
79%
Pretoria, Cidade do Cabo, ou Bloemfontein
79%
Estocolmo
78%
Jerusalém
77%
Nova Deli
77%
San Marino
77%
Georgetown
75%
Varsóvia
75%
Luxemburgo
74%
Ancara
72%
Copenhaga
70%
Helsínquia
70%
Luanda
70%
Praga
70%
Viena
70%
Andorra-a-Velha
69%
Berna
67%
Jakarta
67%
Kingston
67%
Pyongyang
67%
Abu Dhabi
66%
Bucareste
65%
Minsk
65%
Paramaribo
65%
Riade
65%
Wellington
65%
Argél
63%
Reykjavík
63%
Bagdá
62%
Doha
62%
Praia
62%
Teerã
62%
Budapeste
61%
San Salvador
61%
Sofia
61%
Taipé
61%
Singapura
60%
Zagreb
60%
Cidade da Guatemala
59%
Tunes
59%
Manila
58%
Riga
58%
Valeta
58%
Hanói
56%
Sarajevo
55%
Belgrado
54%
Nicosia
54%
Rabat
54%
Kuweit
53%
Porto Príncipe
53%
Santo Domingo
53%
Ulaanbaatar
53%
Baku
52%
Daca
52%
Bratislava
51%
Liubliana
51%
Manágua
51%
Tegucigalpa
51%
Antananarivo
50%
Nassau
50%
San José
50%
Tallinn
50%
Cabul
49%
Kuala Lumpur
49%
Nursultan
49%
Vilnius
49%
Amã
48%
Tirana
48%
Beirute
47%
Malé
47%
Pristina
47%
São Tomé
47%
Trípoli
47%
Vaduz
47%
Belmopan
46%
Catmandu
46%
Erevan
46%
Damasco
45%
Escópia
45%
Victoria
45%
Adis Abeba
44%
Freetown
44%
Abuja
43%
Bissau
43%
Dakar
43%
Nairóbi
43%
Djibouti
42%
Port-of-Spain
42%
Saná
42%
Accra
41%
Cartum
41%
Chișinău
41%
Ouagadougou
41%
Juba
40%
Mascate
40%
Brazzaville
39%
Harare
39%
Islamabad
39%
Kingstown
39%
Kinshasa
39%
Kotte
39%
Manama
39%
Mogadíscio
39%
Podgorica
39%
Yaoundé
39%
Gaborone
38%
Port Moresby
38%
Bangui
36%
Tbilisi
36%
Thimbu
36%
Kampala
35%
Lusaka
35%
Porto-Novo ou Cotonou
35%
Banguecoque
34%
Castries
34%
Díli
34%
Kigali
34%
Roseau
34%
Dodoma
33%
Libreville
33%
Nouakchott
33%
Phnom Penh
33%
Port Louis
33%
Suva
33%
Vientiane
33%
Yamoussoukro
33%
Maputo
32%
Saint John's
32%
Gitega
31%
Monróvia
31%
Niamey
31%
Asmara
30%
Bamako
30%
Bridgetown
30%
Lilongwe
30%
N'Djamena
30%
Saint George's
30%
Tashkent
30%
Windhoek
30%
Asgabate
29%
Banjul
29%
Bisqueque
29%
Conacri
29%
Mbabane
29%
Ngerulmud
29%
Lomé
28%
Naypyidaw
28%
Moroni
27%
Yaren
27%
Basseterre
26%
Honiara
26%
Maseru
26%
Bandar Seri Begawan
25%
Palikir
25%
Apia
24%
Duchambé
24%
Majuro
24%
Malabo
24%
Port Vila
21%
Funafuti
20%
Tarawa
20%
Nukuʻalofa
18%
Nenhum quiz correspondente encontrado
Distribuição das Pontuações
Porcentagem de Pessoas com Cada Pontuação
Percentil de Números Respondidos
Sua Pontuação Histórica
Você não jogou esse quiz